Wszystkie państwa bałtyku - nagła śmierć - Statystyki

Ogólne statystyki
  • Ten quiz został rozwiązany 44 razy
  • Średni wynik to 7 z 9
Answers on the Grid
Answers color-coded by a green-red scale on the quiz's grid according to % correct below.
Norwegia
Szwecja
Francja
Islandia
Rosja
Finlandia
Wielka Brytania
Grecja
Węgry
Turcja
Polska
Cypr
Włochy
Ukraina
Litwa
Estonia
Hiszpania
Holandia
Dania
Łotwa
Białoruś
Luksemburg
Niemcy
San Marino
Irlandia
 
Statystyki odpowiedzi
Odpowiedź % Poprawnych
Polska
97%
Szwecja
90%
Niemcy
84%
Estonia
81%
Dania
77%
Litwa
77%
Finlandia
74%
Łotwa
71%
Rosja
68%
Nie znaleziono quizów pasujących do podanych kryteriów
Rozkład punktacji
Procent ludzi z każdym wynikiem
Percentyl według liczby udzielonych odpowiedzi
Twoja historia wyników
Nie rozwiązałeś tego quizu